| 000 | 01107nam a2200301 a 4500 | ||
|---|---|---|---|
| 001 | |||
| 003 | OSt | ||
| 005 | 20210719091513.0 | ||
| 008 | 140325s2012 dr ac 000 0 spa d | ||
| 020 | _a9789945412611 | ||
| 040 |
_aBPMSU _bspa _cBPMSU |
||
| 082 |
_a923.1 _bF363a 2012 _222 |
||
| 100 | 1 |
_aFernández, Leonel, _d1953- |
|
| 245 | 1 | 0 |
_aAños de formación : _bescritos políticos de Vanguardia / _cLeonel Fernández ; editor Rafael Martínez Alés. |
| 260 |
_aSanto Domingo : _c2012. _bFUNGLODE, |
||
| 300 |
_a300 p. : _bil., retrs. ; _c23 cm. |
||
| 490 | 0 | _aFUNGLODE | |
| 500 | _aIncluye datos biográficos del autor en la solapa de la cubierta | ||
| 500 | _aIncluye referencias bibliográficas y notas al pie de las páginas | ||
| 590 | _6Inventariado, 2021/VM | ||
| 600 | 1 | 4 |
_aFernandez, Leonel, _d1953- _xPensamiento político y social |
| 650 | 4 |
_aPolítica mundial _y1965- |
|
| 651 | 4 |
_aRepública Dominicana _xPolítica y gobierno _ySiglo XX |
|
| 700 | 1 | 2 |
_aMartínez Alés, Rafael _eed. |
| 710 | 2 | _aFundación Global Democracía y Desarrollo | |
| 910 | _a VMateo V. | ||
| 942 |
_2ddc _cBK |
||
| 999 |
_c13576 _d13576 |
||